| 000 | 00745 a2200229 4500 | ||
|---|---|---|---|
| 005 | 20260407160641.0 | ||
| 008 | 260407b |||||||| |||| 00| 0 eng d | ||
| 020 | _a978-1-108-72786-0 | ||
| 037 | _cTB | ||
| 040 |
_aCRL _cCRL |
||
| 041 |
_2eng _aeng |
||
| 084 |
_aP:f R6 _qCRL |
||
| 100 |
_aNassaji, Hossein _91113640 |
||
| 245 |
_aApplied linguistics research: _ba comprehensive guide to methodology, design, analysis, and evaluation |
||
| 260 |
_aNew York, USA: _bCambridge University Press, _c2026. |
||
| 300 | _a797p. | ||
| 365 |
_b39.99 _cGBP |
||
| 650 | _aLinguistics | ||
| 650 | _aResearch Methodology | ||
| 942 |
_cTB _2CC _hP:f R6 |
||
| 999 |
_c1678638 _d1678638 |
||